Kariera Rubensa Barichello - Statystyki

Ogólne statystyki
  • Ten quiz został rozwiązany 10 razy
  • Średni wynik to 5 z 6
Statystyki odpowiedzi
Zespoły % Poprawnych
2000-2005 Ferrari
100%
2010–2011 Williams
100%
2009 Brawn GP
90%
2006–2008 Honda
70%
1996 Jordan
60%
1997–1999 Stewart
60%
Nie znaleziono quizów pasujących do podanych kryteriów
Rozkład punktacji
Procent ludzi z każdym wynikiem
Percentyl według liczby udzielonych odpowiedzi
Twoja historia wyników
Nie rozwiązałeś tego quizu